000 09356nam a22007817a 4500
005 20110708112043.0
010 _aENG-102937 B-455015-059
020 _c395.00
_a9789380228716
035 _aEN-86470 B-455015-059
037 _bDBAD/PUB
037 _bBlue Berry/Ven
082 _a658.84
100 _aGupta, Archana
_946672
245 _aE-commerce :
_cby Archana Gupta
_bnew plateform for business /
260 _aNew Delhi
_bGlobal India Publications
_c2010
270 _a11, Darya Ganj
_bNew Delhi
_e110 002
300 2 _a315p.
_c22cm (pbk)
500 _aIncludes bibliographical references and index
700 _929267
942 _2ddc
_cEN
_mGUP
_h658.84
999 _c53648
_d53648